Die Länder beginnend mit B (Mit kontinentlichen Anhaltspunkten) - Statistiken

Allgemein
  • Dieses Quiz wurde 412 mal gespielt
  • Das Durchschnittsergebnis liegt bei 14 aus 16
Antwortstatistiken
Antwort % Korrekt
Belgien
99%
Bahamas
91%
Bolivien
91%
Bhutan
88%
Brasilien
87%
Bulgarien
87%
Bangladesch
85%
Bosnien und Herzegowina
85%
Botswana
85%
Barbados
84%
Belize
83%
Burundi
82%
Benin
81%
Brunei
81%
Bahrain
77%
Burkina Faso
72%
Keine übereinstimmenden Quizze gefunden
Verteilung der Resultate
Anzahl Personen mit jedem Resultat
Perzentil nach korrekt beantworteten Fragen
Ihre Resultats-Entwicklung
Sie haben dieses Quiz noch nicht gespielt